| 000 | 01311nmc a2200517 a 4500 | ||
|---|---|---|---|
| 003 | AR-BaBNM | ||
| 005 | 20251128204518.0 | ||
| 008 | 235019s1989 ||||||||||||||000 | spa|| | ||
| 020 | _a84-206-9612-9 | ||
| 040 | _cAR-BaBNM | ||
| 245 | 1 | 0 | _aEl hombre romano |
| 260 |
_aMadrid _bAlianza Editorial _c1989 |
||
| 300 | 0 |
_a425 p. _bil. |
|
| 490 | 0 | _aEl hombre europeo | |
| 504 | _aBibliografía al final de cada capítulo | ||
| 650 | 4 | _aCOSTUMBRES | |
| 650 | 4 | _aESTILOS DE VIDA | |
| 650 | 4 | _aVIDA COTIDIANA | |
| 650 | 4 | _aANTIGUEDAD | |
| 650 | 4 | _aHISTORIA ANTIGUA | |
| 650 | 4 | _aPOLITICOS | |
| 650 | 4 | _aCIUDADANIA | |
| 650 | 4 | _aSACERDOTES | |
| 650 | 4 | _aJURISTAS | |
| 650 | 4 | _aESCLAVITUD | |
| 650 | 4 | _aCOMERCIANTES | |
| 650 | 4 | _aTRABAJADORES AGRICOLAS | |
| 650 | 4 | _aARTESANOS | |
| 650 | 4 | _aPOBRES | |
| 650 | 4 | _aPERSONAL MILITAR | |
| 653 | 0 | _aHISTORIA ROMANA | |
| 653 | 0 | _aROMA ANTIGUA | |
| 700 | 1 | _aAndreu, J. | |
| 700 | 1 | _aCarrié, J.M. | |
| 700 | 1 | _aGiardina, A. | |
| 700 | 1 | _aKolendo, J. | |
| 700 | 1 | _aMorel, J.P. | |
| 700 | 1 | _aNicolet, C. | |
| 700 | 1 | _aSchiavone, A. | |
| 700 | 1 | _aThébert, Yvon | |
| 700 | 1 | _aWhittaker, C.R. | |
| 700 | 1 |
_aCastaño Vejarano, Jimena _etraductor |
|
| 700 | 1 |
_aQuesada Sanz, Fernando _etraductor |
|
| 942 | _cBK | ||
| 998 | _cMarce | ||
| 999 |
_c7718 _d7718 |
||